Pyrolidínové C-nukleozidy s protivírusovými účinkami

Saved in:
Bibliographic Details
Main Author: Sokolenko, Sofiia (Author)
Other Authors: Fischer, Róbert (Thesis advisor)
Format: Manuscript Book
Language:Slovak
Published: 2025
Subjects:
Online Access:http://is.stuba.sk/zp/portal_zp.pl?podrobnosti=182583
Tags: Add Tag
No Tags, Be the first to tag this record!

MARC

LEADER 00000ntm a22000003a 4500
001 stuzp105051
003 SK-STU
005 20250628212326.0
007 ta
008 150427s2015----xo-----f-mn---000-0-slo-d
040 |a STU  |b slo 
041 0 |a slo 
100 1 |a Sokolenko, Sofiia  |u 048140  |4 aut  |U FCHPT Ústav organickej chémie, katalýzy a petrochémie  |T FCHPT Oddelenie organickej chémie  |X 117382  |U C8140  |Y 124  |7 117382 
242 0 1 |a Pyrrolidine C-nucleosides with antiviral activities  |y eng 
245 1 0 |a Pyrolidínové C-nukleozidy s protivírusovými účinkami 
260 |c 2025 
650 4 |a pyrolidín  |2 slo 
650 4 |a C-nukleozid  |2 slo 
650 4 |a syntéza nukleozidov  |2 slo 
650 4 |a antivirotikum  |2 slo 
650 4 |a pyrrolidine  |2 eng 
650 4 |a antiviral  |2 eng 
650 4 |a C-nucleoside  |2 eng 
650 4 |a nucleoside synthesis  |2 eng 
700 1 |a Fischer, Róbert  |u 048140  |k Z1  |4 ths  |U FCHPT Ústav organickej chémie, katalýzy a petrochémie  |T FCHPT Oddelenie organickej chémie  |X 68202  |U C8140  |Y 124  |7 A000068202 
856 4 |u http://is.stuba.sk/zp/portal_zp.pl?podrobnosti=182583